Curso de Capacitacion en Medicina Familiar. Modulo 5 (Registro nro. 1837)

Detalles MARC
000 -LEADER
fixed length control field 00645nam a2200205 a 4500
003 - CONTROL NUMBER IDENTIFIER
control field OSt
005 - FECHA ULTIMA MODIFICACION
control field 20131021132336.0
008 - FIXED-LENGTH DATA ELEMENTS--GENERAL INFORMATION
fixed length control field 131021n ag ||||| |||| 00| 0 spa d
040 ## - CATALOGING SOURCE
Transcribing agency Biblioteca Medicina
041 ## - LANGUAGE CODE
Language code of text/sound track or separate title spa
082 ## - DEWEY DECIMAL CLASSIFICATION NUMBER
Item number VARIOS 0410
110 1# - MAIN ENTRY--CORPORATE NAME
Corporate name or jurisdiction name as entry element Foro de la Seguridad Social Argentina
9 (RLIN) 2761
245 00 - TITLE STATEMENT
Title Curso de Capacitacion en Medicina Familiar. Modulo 5
250 ## - EDITION STATEMENT
Edition statement 1º ed.
260 ## - PUBLICATION, DISTRIBUTION, ETC. (IMPRINT)
Place of publication, distribution, etc s/l
Name of publisher, distributor, etc Foro de la Seguridad Social Argentina
Date of publication, distribution, etc s/f
300 ## - PHYSICAL DESCRIPTION
Extent 32 p.
653 ## - INDEX TERM--UNCONTROLLED
Uncontrolled term MEDICINA FAMILIAR-CURSO
942 ## - ADDED ENTRY ELEMENTS (KOHA)
Source of classification or shelving scheme Dewey Decimal Classification
Koha item type Hemeroteca
Existencias
Withdrawn status Lost status Fuente de clasificación Damaged status Not for loan Colección Ubicación permanente Ubicación actual Sala de ubicación Fecha de adquisición Total Checkouts Número de clasificación Date last seen Número de ejemplar Price effective from Koha tipo de elemento (item)
    Dewey Decimal Classification     Non-fiction Biblioteca Medicina Biblioteca Medicina Circulación 21/10/2013   VARIOS 0410 06/11/2014 Ej. 1 21/10/2013 Hemeroteca

UNIVERSIDAD NACIONAL DEL COMAHUE
Biblioteca de la Facultad de Ciencias Médicas
Sede Toschi: Los Arrayanes y Av. Toschi, Cipolletti  - Rio Negro
Sede Los Tordos:  Yrigoyen al 2211, Cipolletti - Rio Negro 

Teléfono: 0299 - 4774707 int 25
Contacto: biblioteca@facimed.uncoma.edu.ar
© 2011 - 2026